Five Biggest Producing Countries By Product #5 - Statistics

General Stats
  • This quiz has been taken 4,535 times
  • The average score is 18 of 23
Answer Stats
Country % Correct
United States
100%
China
99%
France
98%
Italy
95%
India
94%
Russia
93%
Brazil
92%
Germany
92%
Spain
92%
Japan
90%
Argentina
83%
Pakistan
79%
Turkey
79%
Iran
76%
Egypt
75%
South Korea
74%
Chile
73%
Ukraine
62%
Algeria
60%
Morocco
60%
Bangladesh
59%
Nepal
37%
Mali
18%
No matching quizzes found
Score Distribution
Percent of People with Each Score
Percentile by Number Answered
Your Score History
You have not taken this quiz